| 000 | 04198nam a22004217a 4500 | ||
|---|---|---|---|
| 003 | CHAP | ||
| 005 | 20251126144218.0 | ||
| 008 | 070626d2007 mx r 00110 spa d | ||
| 010 | _a93785 | ||
| 011 | _a94757 | ||
| 035 | _a105354 | ||
| 040 | _cCHAP | ||
| 090 | _aTesis | ||
| 100 | 0 | 0 | _aSosa Montes, Mauricio. |
| 245 | 1 | 4 |
_aLas relaciones sociales entre comunidades rurales y la dirección de la reserva de la biosfera Calakmul, en apoyo a la formulación de alternativas productivas/ _cpor Mauricio Sosa Montes; director Edilberto Niño Velasquez. |
| 264 | 1 |
_aMontecillo, Mex. : _bEl autor, _c2007. |
|
| 300 |
_a184 h. : _bcuadr ; mapas ; gráfs ; anexos |
||
| 502 | _cColegio de Postgraduados. Campus Montecillo, | ||
| 502 |
_aTesis ) -- Socioeconomía Estadística e Informática Desarrollo Rural. _b(Doctor en ciencias en Socioeconomía Estadística e Informática Desarrollo Rural. _d2007. |
||
| 520 | _aEn el presente trabajo, se sostuvo la idea de que cuando se decreta una Área Natural Protegida (ANP), en la mayoría de los casos se afectan negativamente intereses de las comunidades rurales establecidas en tales áreas, desde el cambio de sus patrones de aprovechamiento y explotación hasta su reubicación geográfica si es necesario. Lo anterior genera una relación de conflicto permanente entre las comunidades y los gobiernos y los administradores de las ANP. A la y en el caso de la Reserva de la Biosfera Calakmul (RBC) en Campeche, se ha generado una relación de conflicto entre comunidades rurales y La Dirección de Reserva de la Biosfera Calakmul (DRBC), la cual imposibilita la formulación operacionalización de alternativas productivas viables. Este conflicto es con SEMARNAT, debido a las restricciones de uso del suelo y actividades productivas que por ley se les ha impuesto a los ejidatarios de los ejidos y/o comunidades rurales de la región de Calakmul. Por lo tanto, el objetivo de esta investigación fue encontrar causas principales de dicho conflicto. Se aplicaron cinco tipos de cuestionarios: uno dirigido a las instituciones y/o asociaciones campesinas locales; otro a empleados de la DRBC; uno dirigido al Presidente del Comisariado Ejidal; otro al Presidente del Consejo de Vigilancia; y último, y el más importante, a ejidatarios o productores. Los últimos tres cuestionarios fueron a nivel de ejido. Las variables estudiadas fueron: relación entre ejidatarios y la Dirección de la Reserva de la Biosfera Calakmul, relación entre los ejidatarios y sus recursos forestales de su comunidad o ejido, la viabilidad de alternativas productivas, y la participación de las comunidades en los procesos de planeación y de toma, ejecución y evaluación de decisiones relativas a las acciones que la DRBC realiza en el área de influencia de la RBC. Con sustento en los resultados obtenidos, se encontró que el conflicto entre las comunidades rurales y la DRBC se debe a que los productores o comunidades rurales no participan en los procesos de planeación y de toma, ejecución y evaluación de las decisiones relacionadas con las acciones que lleva a cabo la DRBC en el área de la RBC. Además, que en la región de Calakmul, las principales alternativas productivas viables que cumplen con el objetivo de generar ingresos económicos y, a la vez, el de conservar los recursos forestales, son: la apicultura, la reforestación, y la agricultura con riego por goteo. | ||
| 590 |
_aALEPH _b10 _c20130110 |
||
| 590 |
_aBATCH-UPD _b10 _c20130110 |
||
| 590 |
_aBATCH-UPD _b10 _c20130110 |
||
| 590 |
_aBATCH-UPD _b10 _c20130410 |
||
| 590 |
_aBATCH-UPD _b10 _c20130914 |
||
| 590 |
_aCONVERSION _b10 _c20130109 |
||
| 650 | 1 | 4 | _aÁreas protegidas. |
| 650 | 1 | 4 | _aBiósfera. |
| 650 | 1 | 4 |
_aCampeche _xCondiciones rurales. |
| 650 | 1 | 4 |
_aRecursos naturales _xConservación _xCampeche. |
| 650 | 1 | 4 | _aReserva de la biósfera Calakmul, Camp. |
| 700 | 1 |
_aNiño Velasquez, Edilberto _edirector. |
|
| 856 | 4 | 2 |
_uhttp://10.13.5.2/tesis/105354.pdf _yDESCARGAR PDF |
| 901 | _aBK | ||
| 905 | _aLuis Gutièrrez Merin. | ||
| 942 |
_cTesis _2Clasificación Universidad Autónoma Chapingo |
||
| 949 |
_aTesis _bBC _cTES _d33724002028728 _eTS1 _h46933 _i105354 _sb |
||
| 999 |
_c93785 _d93785 |
||